Normal view
MARC view
Entry Topical Term
001 - CONTROL NUMBER
- control field: 6643
003 - CONTROL NUMBER IDENTIFIER
- control field: BD-RjUL
005 - DATE AND TIME OF LATEST TRANSACTION
- control field: 20230119105913.0
008 - FIXED-LENGTH DATA ELEMENTS
- fixed length control field: 230119|| aca||aabn | a|a d
040 ## - CATALOGING SOURCE
- Original cataloging agency: BD-RjUL
- Transcribing agency: BD-RjUL
150 ## - HEADING--TOPICAL TERM
- Topical term or geographic name entry element: Muslim society
- Geographic subdivision: Bangladesh
- Geographic subdivision: Rangpur division
- General subdivision: History
670 ## - SOURCE DATA FOUND
- Source citation: Work cat.: (BD-RjUL)81100: রহমান, মো: মোস্তাফিজুর 3625, রংপুর বিভাগে মুসলিম সমাজ গঠনে উলামা-মাশায়েখের অবদান :, ২০১৭